000 00498nam a2200157 i 4500
001 69637
003 ES-MaACL
005 20230906170550.0
007 t|
008 040708s1960 sp ||||1| spa d
100 1 _aGarcía D. Figar, Antonio.
_954397
245 1 0 _aVida del Exmo. e Illo. Sr. Doctor don Narciso Martínez Izquierdo /
_cAntonio García D. Figar.
260 _aMadrid :
_b[s.n.,
_c1960] (
_fImnasa)
300 _a210 p. :
_bretr. aut. ;
_c21 cm.
852 _aES-MaACL
_jC-20081
_bR.46806
999 _c69637
_d69637